[Event "WECU Championship"]
[Site "Exmouth"]
[Date "2004.04.10"]
[Round "4"]
[White "Ponter, Ian"]
[Black "Jamieson, Ian"]
[Result "1-0"]
[WhiteElo "1920"]
[BlackElo "2064"]
[PlyCount "121"]
[EventDate "2004.??.??"]

1. e4 e6 2. d4 d5 3. Nc3 Nf6 4. Bg5 Bb4 5. e5 h6 6. Bd2 Bxc3 7. bxc3 Ne4 8. Qg4
g6 9. h4 c5 10. Nf3 Bd7 11. Bd3 Nxd2 12. Nxd2 c4 13. Be2 Bc6 14. h5 g5 15. f4
Nd7 16. f5 Qe7 17. O-O O-O-O 18. Rab1 Kc7 19. Qh3 Rh7 20. Bg4 Re8 21. Rb4 Rhh8
22. a4 Rhf8 23. a5 Kb8 24. Nb1 Ka8 25. Na3 a6 26. Nb1 Bb5 27. Nd2 Ka7 28. Rbb1
Bc6 29. Rf2 Ba4 30. Nf1 Nc5 31. dxc5 Qxc5 32. Qe3 Qxe3 33. Nxe3 exf5 34. Rxf5
f6 35. Rb4 Bc6 36. Rxf6 Rxf6 37. exf6 Rf8 38. Bf3 Rxf6 39. Bxd5 Bxd5 40. Nxd5
Rf5 41. Ne3 Rxa5 42. Rxc4 g4 43. Rxg4 Rxh5 44. Kf2 a5 45. Ra4 Ka6 46. c4 b5 47.
cxb5+ Kxb5 48. Ra2 Kb4 49. Ke2 Rg5 50. Kd2 h5 51. Kc1 h4 52. Rb2+ Kc3 53. Rb3+
Kd4 54. Kb2 Re5 55. Nd1 Rg5 56. Ra3 Rxg2 57. Ra4+ Kc5 58. Kb3 Rg1 59. Nb2 Rg3+
60. Nd3+ Kb6 61. Rxh4 1-0

[Event "WECU Championship"]
[Site "Exmouth"]
[Date "2004.04.10"]
[Round "4"]
[White "Dilleigh, Stephen"]
[Black "Neat, Roger"]
[Result "1-0"]
[WhiteElo "2064"]
[BlackElo "1600"]
[PlyCount "59"]
[EventDate "2004.??.??"]

1. d4 d5 2. c4 e6 3. Nc3 Nf6 4. cxd5 exd5 5. Bg5 Be7 6. e3 h6 7. Bh4 c6 8. Bd3
O-O 9. Qc2 Be6 10. Nge2 Nh5 11. Bxe7 Qxe7 12. h3 Qg5 13. g4 Nf6 14. O-O-O Ne8
15. Nf4 Qe7 16. Rdg1 Nd7 17. Kb1 b5 18. h4 b4 19. Na4 c5 20. Nxc5 Nxc5 21. dxc5
Rc8 22. g5 Rxc5 23. Qe2 d4 24. exd4 Ra5 25. d5 Qd6 26. dxe6 Re5 27. Qc2 Rc5 28.
exf7+ Rxf7 29. Qb3 Qxf4 30. g6 1-0

[Event "WECU Championship"]
[Site "Exmouth"]
[Date "2004.04.10"]
[Round "4"]
[White "George, Ian M"]
[Black "Bass, JW."]
[Result "1/2-1/2"]
[WhiteElo "1984"]
[BlackElo "1928"]
[PlyCount "98"]
[EventDate "2004.??.??"]

1. e4 e6 2. d4 d5 3. Nc3 Nf6 4. Bg5 Be7 5. e5 Nfd7 6. Bxe7 Qxe7 7. f4 O-O 8.
Nf3 c5 9. Bd3 f5 10. dxc5 Nxc5 11. Ne2 Nc6 12. c3 Bd7 13. Ned4 Rfd8 14. O-O Ne4
15. Ne1 Nxd4 16. cxd4 Qb4 17. Nc2 Qb6 18. Bxe4 dxe4 19. a4 a5 20. Qd2 Qb3 21.
Ne3 Bc6 22. Ra3 Qb6 23. Rd1 Bd5 24. Nxd5 Rxd5 25. Kf2 Rad8 26. Qe3 Qxb2+ 27.
Rd2 Qb4 28. Rb3 Qxa4 29. Rxb7 Qc6 30. Rbb2 Rb5 31. Rbc2 Qb6 32. Rc3 Rb4 33. Rc5
Rb3 34. Rc3 a4 35. Rxb3 Qxb3 36. Qxb3 axb3 37. Rb2 Rxd4 38. Rxb3 Rd2+ 39. Kf1
Kf7 40. Rb7+ Kf8 41. Rb8+ Ke7 42. Rb7+ Rd7 43. Rb3 g6 44. h3 Kd8 45. Rc3 Rc7
46. Ra3 Kd7 47. Ra6 Rb7 48. Rd6+ Ke7 49. Ra6 Kd7 1/2-1/2

[Event "WECU Championship"]
[Site "Exmouth"]
[Date "2004.04.10"]
[Round "4"]
[White "Bareham, DC."]
[Black "Sherwin, James"]
[Result "1/2-1/2"]
[WhiteElo "1984"]
[BlackElo "2232"]
[PlyCount "71"]
[EventDate "2004.??.??"]

1. e4 c6 2. Nf3 d5 3. Nc3 Bg4 4. h3 Bxf3 5. Qxf3 e6 6. g3 Nd7 7. Bg2 Ngf6 8.
O-O Be7 9. Qe2 dxe4 10. Nxe4 Nxe4 11. Qxe4 O-O 12. d3 Nf6 13. Qe2 Qc7 14. b3
Nd7 15. Bb2 Bf6 16. Bxf6 Nxf6 17. Rfe1 Rfd8 18. Qe5 Qb6 19. Re2 Rd4 20. Be4
Rad8 21. c3 R4d7 22. d4 Nxe4 23. Qxe4 c5 24. dxc5 Qxc5 25. c4 b6 26. Rae1 g6
27. Qe5 Qxe5 28. Rxe5 Rd2 29. R5e2 Kf8 30. Kf1 Ke7 31. Rxd2 Rxd2 32. Re2 Rd1+
33. Re1 Rd2 34. Re2 Rd1+ 35. Re1 Rd2 36. Re2 1/2-1/2

[Event "WECU Championship"]
[Site "Exmouth"]
[Date "2004.04.10"]
[Round "4"]
[White "Turner, Matthew"]
[Black "Rudd, Jack"]
[Result "1-0"]
[WhiteElo "2512"]
[BlackElo "2256"]
[PlyCount "119"]
[EventDate "2004.??.??"]

1. c4 Nf6 2. g3 g6 3. Bg2 Bg7 4. Nc3 O-O 5. e4 d6 6. Nge2 c5 7. O-O Nc6 8. a3
Bd7 9. d3 a6 10. Rb1 Rb8 11. b4 b6 12. h3 Ne8 13. Be3 Nd4 14. Kh2 Nc7 15. f4 f5
16. Qd2 e6 17. bxc5 bxc5 18. Rxb8 Qxb8 19. Rb1 Qd8 20. Rb6 Be8 21. Bxd4 cxd4
22. Nd1 fxe4 23. dxe4 g5 24. f5 e5 25. Qb4 Rf6 26. Nf2 Bf8 27. Rb8 Qd7 28. Qd2
h6 29. Bf3 Qa4 30. Qc1 Bg7 31. h4 Rf8 32. hxg5 hxg5 33. Qxg5 Qxa3 34. Ng1 Qa2
35. Kg2 d3 36. Bd1 Kh7 37. Bb3 Qb2 38. c5 Bf6 39. Qg8+ Rxg8 40. Bxg8+ Kxg8 41.
Rxb2 dxc5 42. Rb6 Bg5 43. Nf3 Be3 44. Ng4 Bc1 45. Rb7 Nb5 46. Nf6+ Kf8 47. Nxe5
Bb2 48. Nh7+ Kg8 49. Nxd3 Bc6 50. Re7 Bd4 51. Kh3 Nd6 52. Ng5 Bf6 53. Re6 Bxg5
54. Nxc5 Nxe4 55. Nxe4 Bxe4 56. Rxe4 Kf7 57. Ra4 Kf6 58. Kg4 Bd2 59. Rxa6+ Kf7
60. Kh5 1-0

[Event "WECU Championship"]
[Site "Exmouth"]
[Date "2004.04.10"]
[Round "4"]
[White "Shire, David"]
[Black "Wynarczyk, Raymond"]
[Result "1-0"]
[WhiteElo "1904"]
[BlackElo "1832"]
[PlyCount "107"]
[EventDate "2004.??.??"]

1. d4 Nf6 2. c4 e6 3. Nc3 d5 4. Bg5 c5 5. cxd5 Qb6 6. Bxf6 Qxb2 7. Qc1 Qxc1+ 8.
Rxc1 gxf6 9. Nf3 Nd7 10. e3 a6 11. Be2 b5 12. dxe6 fxe6 13. dxc5 Bxc5 14. Nd4
Bxd4 15. exd4 Bb7 16. f3 Rc8 17. Kf2 f5 18. f4 Ke7 19. Bf3 Bxf3 20. Kxf3 Rc4
21. Ne2 Rhc8 22. Rxc4 Rxc4 23. Rc1 Nb6 24. Rxc4 Nxc4 25. h3 b4 26. g4 fxg4+ 27.
hxg4 a5 28. Ke4 Nb2 29. d5 exd5+ 30. Kxd5 a4 31. Nc1 Nd1 32. Kc4 Ne3+ 33. Kxb4
Nxg4 34. Kxa4 Kf6 35. Kb5 Ne3 36. a4 Nd5 37. Ne2 h5 38. Kc5 Nc7 39. Kc6 Na6 40.
Kb6 Nb4 41. Kc5 Na6+ 42. Kb6 Nb4 43. a5 h4 44. Kc5 Na6+ 45. Kd4 Kf5 46. Ke3 Kg4
47. Ng1 Nb4 48. Nf3 h3 49. Ke4 Kg3 50. f5 Nd5 51. a6 Nc3+ 52. Kd3 Nd5 53. a7
Nc7 54. Ke4 1-0

[Event "WECU Championship"]
[Site "Exmouth"]
[Date "2004.04.10"]
[Round "4"]
[White "Horner, Robin M"]
[Black "Barlow, R."]
[Result "1/2-1/2"]
[WhiteElo "1928"]
[BlackElo "1760"]
[PlyCount "84"]
[EventDate "2004.??.??"]

1. e4 c5 2. Nc3 e6 3. Nf3 Nc6 4. d4 cxd4 5. Nxd4 Nf6 6. Nxc6 bxc6 7. e5 Nd5 8.
Ne4 Qc7 9. f4 Qb6 10. c4 Ne3 11. Qd3 Nxf1 12. Rxf1 Ba6 13. b3 Bb4+ 14. Ke2 h6
15. Be3 Qc7 16. Rad1 Rd8 17. a4 O-O 18. Rf3 Be7 19. Bd4 c5 20. Bc3 Bb7 21. Rg3
Bxe4 22. Qxe4 f5 23. exf6 Bxf6 24. Bxf6 Rxf6 25. Qe5 Qxe5+ 26. fxe5 Rf5 27. Re3
Kf8 28. Rf3 Ke7 29. Rxf5 exf5 30. Rd3 Rb8 31. Rd5 Rxb3 32. Rxc5 Rb4 33. a5 Ke6
34. h3 g6 35. Rc7 a6 36. Ra7 Rxc4 37. Rxa6+ Kxe5 38. Rxg6 h5 39. a6 Ra4 40. Rh6
h4 41. a7 Rxa7 42. Rxh4 d6 1/2-1/2

[Event "WECU Championship"]
[Site "Exmouth"]
[Date "2004.04.10"]
[Round "4"]
[White "Taylor, Geoffrey P"]
[Black "Talbot, Andrew R"]
[Result "0-1"]
[WhiteElo "1872"]
[BlackElo "1936"]
[PlyCount "98"]
[EventDate "2004.??.??"]

1. e4 c5 2. Nc3 Nc6 3. f4 g6 4. Nf3 Bg7 5. Bc4 e6 6. O-O Nge7 7. d3 O-O 8. Bb3
d5 9. e5 a6 10. Ne2 Na5 11. c3 Nxb3 12. axb3 Bd7 13. Be3 Qc7 14. Ng3 Nf5 15.
Nxf5 exf5 16. Qe1 Rfe8 17. Qh4 b6 18. d4 c4 19. b4 a5 20. bxa5 bxa5 21. Ra2 a4
22. Ne1 Qd8 23. Qh3 Bf8 24. Nc2 Rb8 25. Qf3 Bc6 26. g4 Qd7 27. g5 Rb3 28. h4
Reb8 29. Bc1 R8b7 30. h5 Qe6 31. Rf2 Qd7 32. hxg6 fxg6 33. Rh2 Qe6 34. Qh3 Qd7
35. Qe3 Qe6 36. Rh4 Be7 37. Na1 R3b6 38. Nc2 h5 39. Kg2 Kf7 40. Kg3 Qc8 41. Qe2
Ke6 42. Ne3 Rb3 43. Nxc4 Bb5 44. Nd6 Bxd6 45. Qh2 Bf8 46. Rxh5 gxh5 47. Qxh5
Qe8 48. Qf3 Rh7 49. Be3 Qh5 0-1

[Event "WECU Championship"]
[Site "Exmouth"]
[Date "2004.04.11"]
[Round "5"]
[White "Barlow, R."]
[Black "Ponter, Ian"]
[Result "0-1"]
[WhiteElo "1760"]
[BlackElo "1920"]
[PlyCount "48"]
[EventDate "2004.??.??"]

1. e4 e5 2. Nf3 Nc6 3. Bb5 a6 4. Ba4 Nf6 5. O-O b5 6. Bb3 Bb7 7. Re1 Bc5 8. c3
d6 9. d4 Bb6 10. Bg5 h6 11. Bxf6 Qxf6 12. dxe5 Nxe5 13. Qe2 Ng6 14. e5 dxe5 15.
Nxe5 O-O 16. Bxf7+ Rxf7 17. Nxf7 Qxf7 18. Nd2 Rf8 19. Rf1 Nf4 20. Qg4 Bxg2 21.
Rfe1 Bh3 22. Qg3 Bxf2+ 23. Kxf2 Nh5+ 24. Qf3 Qd5 0-1

[Event "WECU Championship"]
[Site "Exmouth"]
[Date "2004.04.11"]
[Round "5"]
[White "Gosling, Brian"]
[Black "Horner, Robin M"]
[Result "1/2-1/2"]
[WhiteElo "1792"]
[BlackElo "1928"]
[PlyCount "51"]
[EventDate "2004.??.??"]

1. d4 Nf6 2. Nf3 c5 3. e3 e6 4. Bd3 b6 5. Nbd2 Bb7 6. c3 Be7 7. O-O O-O 8. Qe2
cxd4 9. cxd4 Nd5 10. a3 Nc6 11. b4 Nc3 12. Bxh7+ Kxh7 13. Qd3+ f5 14. Qxc3 Rc8
15. Qd3 Bf6 16. Bb2 d5 17. Ne5 Bxe5 18. dxe5 Qh4 19. f4 Rh8 20. Rf3 Kg6 21.
Rg3+ Kf7 22. Nf3 Qe7 23. Ng5+ Ke8 24. Rd1 Nb8 25. b5 Nd7 26. Bd4 1/2-1/2

[Event "WECU Championship"]
[Site "Exmouth"]
[Date "2004.04.11"]
[Round "5"]
[White "Fallowfield, Nicholas"]
[Black "Wynarczyk, Raymond"]
[Result "0-1"]
[WhiteElo "1904"]
[BlackElo "1832"]
[PlyCount "52"]
[EventDate "2004.??.??"]

1. e4 c5 2. d4 cxd4 3. Nf3 d6 4. Nxd4 Nf6 5. Nc3 a6 6. f4 e6 7. Qf3 Qc7 8. Be3
b5 9. O-O-O Bb7 10. Bd3 Nbd7 11. g4 Nc5 12. g5 Nfd7 13. Kb1 Rc8 14. f5 Ne5 15.
Qh5 b4 16. Nxe6 Nxe6 17. Nd5 Bxd5 18. exd5 Nxd3 19. cxd3 Qc2+ 20. Ka1 g6 21.
Qh4 Nc5 22. Bd4 Nxd3 23. Bxh8 Rc4 24. Qg3 Rc3 25. Bxc3 bxc3 26. Qe3+ Be7 0-1

[Event "WECU Championship"]
[Site "Exmouth"]
[Date "2004.04.11"]
[Round "5"]
[White "Littlejohns, David"]
[Black "Neat, Roger"]
[Result "1-0"]
[WhiteElo "1864"]
[BlackElo "1600"]
[PlyCount "83"]
[EventDate "2004.??.??"]

1. e4 c5 2. c3 e6 3. Nf3 d6 4. Bb5+ Bd7 5. Bxd7+ Nxd7 6. O-O Ngf6 7. Re1 Be7 8.
d4 cxd4 9. cxd4 O-O 10. Nc3 a6 11. Qd3 h6 12. b3 Re8 13. Bb2 Nh7 14. Re2 Ng5
15. Nxg5 Bxg5 16. Rf1 e5 17. Nd5 Nf6 18. g3 Nxd5 19. exd5 Bf6 20. Rfe1 Qd7 21.
dxe5 Bxe5 22. Bxe5 dxe5 23. Rxe5 Rxe5 24. Rxe5 Rd8 25. Qe4 g6 26. Kg2 Qd6 27.
Re7 b6 28. Re8+ Rxe8 29. Qxe8+ Kg7 30. Qc6 Qd8 31. d6 Kf8 32. Kg1 h5 33. Qc7
Ke8 34. Qc6+ Kf8 35. Kg2 a5 36. a4 g5 37. Qd5 Kg7 38. d7 Kf8 39. Qd6+ Kg7 40.
Qe5+ Kf8 41. Qh8+ Ke7 42. Qxh5 1-0

[Event "WECU Championship"]
[Site "Exmouth"]
[Date "2004.04.11"]
[Round "5"]
[White "Taylor, Geoffrey P"]
[Black "Hamperl, Fred"]
[Result "0-1"]
[WhiteElo "1872"]
[BlackElo "1960"]
[PlyCount "66"]
[EventDate "2004.??.??"]

1. e4 c5 2. Nf3 Nc6 3. d4 cxd4 4. Nxd4 e5 5. Nb5 d6 6. N1c3 a6 7. Na3 b5 8. Nd5
Nce7 9. c4 Nxd5 10. cxd5 Nf6 11. Bd3 Be7 12. O-O O-O 13. Nc2 Bd7 14. Qe2 Qc7
15. Ne3 Rfc8 16. Bd2 Qb7 17. Kh1 b4 18. f3 a5 19. Rg1 a4 20. g4 b3 21. a3 Rab8
22. Nf5 Bf8 23. Rac1 Rxc1 24. Rxc1 Rc8 25. Rxc8 Qxc8 26. Bb4 Qc1+ 27. Kg2 Bxf5
28. Bd2 Qxb2 29. gxf5 Qxa3 30. Bc3 Nh5 31. Bd2 Qb2 32. Kf2 a3 33. Bb4 Qd4+ 0-1

[Event "WECU Championship"]
[Site "Exmouth"]
[Date "2004.04.11"]
[Round "5"]
[White "Sherwin, James"]
[Black "George, Ian M"]
[Result "1-0"]
[WhiteElo "2232"]
[BlackElo "1984"]
[PlyCount "49"]
[EventDate "2004.??.??"]

1. Nf3 c5 2. e4 e6 3. d4 cxd4 4. Nxd4 Nf6 5. Nc3 Nc6 6. Ndb5 Bb4 7. a3 Bxc3+ 8.
Nxc3 d5 9. exd5 exd5 10. Bd3 d4 11. Ne4 h6 12. O-O Nxe4 13. Bxe4 O-O 14. Qf3
Be6 15. Re1 Rc8 16. Bd2 f5 17. Bd3 Bd5 18. Qg3 Qf6 19. Bf4 Rfe8 20. f3 Kh8 21.
h4 a6 22. Qh3 b5 23. Qxf5 Rxe1+ 24. Rxe1 Qxf5 25. Bxf5 1-0

[Event "WECU Championship"]
[Site "Exmouth"]
[Date "2004.04.11"]
[Round "5"]
[White "Talbot, Andrew R"]
[Black "Turner, Matthew"]
[Result "0-1"]
[WhiteElo "1936"]
[BlackElo "2512"]
[PlyCount "56"]
[EventDate "2004.??.??"]

1. d4 Nf6 2. c4 e6 3. Nc3 Bb4 4. Qc2 b6 5. e4 c5 6. d5 d6 7. Bd3 O-O 8. Bg5 h6
9. Bh4 Nbd7 10. f4 exd5 11. cxd5 b5 12. a3 Bxc3+ 13. Qxc3 c4 14. Bc2 Nxe4 15.
Bxd8 Nxc3 16. Bc7 Re8+ 17. Kf2 Nxd5 18. Bxd6 N7f6 19. h3 Ne3 20. Bb1 Nd1+ 21.
Kg3 Nxb2 22. Be5 Na4 23. Nf3 Bb7 24. Bc2 Ne4+ 25. Kh2 Nec5 26. Rab1 f6 27. Bxa4
fxe5 28. Bc2 exf4 0-1

[Event "WECU Championship"]
[Site "Exmouth"]
[Date "2004.04.11"]
[Round "5"]
[White "Bass, JW."]
[Black "Rudd, Jack"]
[Result "0-1"]
[WhiteElo "1928"]
[BlackElo "2256"]
[PlyCount "94"]
[EventDate "2004.??.??"]

1. d4 Nf6 2. Nf3 e6 3. e3 b6 4. Bd3 Bb7 5. Nbd2 c5 6. O-O Nc6 7. c3 Qc7 8. Re1
Be7 9. a3 d5 10. dxc5 Bxc5 11. b4 Bd6 12. Bb2 O-O-O 13. Qe2 e5 14. e4 Kb8 15.
c4 d4 16. Rec1 a5 17. c5 bxc5 18. bxc5 Be7 19. a4 Ka7 20. Ba3 Rb8 21. Rab1 Nd7
22. Bb5 g5 23. Nb3 g4 24. Nfd2 Rbg8 25. Nc4 Bg5 26. Rc2 f5 27. Nd6 fxe4 28.
Nxe4 Nf6 29. Nxf6 Bxf6 30. Nd2 d3 31. Qxd3 Nd4 32. c6 Rd8 33. Bc5+ Kb8 34. Bxd4
Rxd4 35. Qf5 Rf4 36. Qd3 Bc8 37. Ba6+ Rb4 38. Rxb4+ axb4 39. Qb5+ Ka7 40. Bxc8
Rxc8 41. Qxb4 h5 42. Rc5 Bd8 43. Qc3 Qb6 44. g3 Bc7 45. a5 Qa6 46. Nc4 Rd8 47.
Nxe5 Rd1+ 0-1

[Event "WECU Championship"]
[Site "Exmouth"]
[Date "2004.04.11"]
[Round "5"]
[White "Dilleigh, Stephen"]
[Black "Shire, David"]
[Result "1/2-1/2"]
[WhiteElo "2064"]
[BlackElo "1904"]
[PlyCount "39"]
[EventDate "2004.??.??"]

1. d4 e6 2. c4 f5 3. g3 Nf6 4. Bg2 d5 5. Nh3 c6 6. Qc2 Bd6 7. Bf4 Be7 8. O-O
O-O 9. Nd2 h6 10. Bxb8 Rxb8 11. Nf4 g5 12. Ng6 Rf7 13. Nxe7+ Qxe7 14. Nf3 Rg7
15. e3 Ne4 16. Ne5 Nd6 17. Rac1 Nf7 18. Nxf7 Rxf7 19. cxd5 exd5 20. Qc5 1/2-1/2

[Event "WECU Championship"]
[Site "Exmouth"]
[Date "2004.04.11"]
[Round "5"]
[White "Simons, Martin"]
[Black "Bareham, DC."]
[Result "1-0"]
[WhiteElo "2256"]
[BlackElo "1984"]
[PlyCount "75"]
[EventDate "2004.??.??"]

1. e4 c5 2. Nc3 Nc6 3. g3 g6 4. Bg2 Bg7 5. d3 e6 6. Be3 d6 7. Qd2 Bd7 8. Nge2
Nd4 9. O-O Rb8 10. h4 b5 11. a3 Qb6 12. h5 a5 13. Nd1 b4 14. axb4 axb4 15. Bxd4
cxd4 16. b3 Qc5 17. Nf4 Bh6 18. Qe2 Rc8 19. Nb2 Qxc2 20. Nc4 Rxc4 21. dxc4 Qxb3
22. Rfb1 Qc3 23. Ra8+ Ke7 24. Rb8 Bxf4 25. gxf4 d3 26. Qd1 Qxc4 27. R1xb4 Qc2
28. Qxc2 dxc2 29. Rc4 Be8 30. e5 dxe5 31. fxe5 f6 32. Rc7+ Kf8 33. Rxc2 fxe5
34. Rcc8 Nf6 35. Bc6 Kf7 36. Rc7+ Kf8 37. Bxe8 Nxe8 38. Rxe8+ 1-0

[Event "WECU Championship"]
[Site "Exmouth"]
[Date "2004.04.11"]
[Round "6"]
[White "Shire, David"]
[Black "Taylor, Geoffrey P"]
[Result "1/2-1/2"]
[WhiteElo "1904"]
[BlackElo "1872"]
[PlyCount "53"]
[EventDate "2004.??.??"]

1. d4 d5 2. Nf3 Nf6 3. c4 e6 4. g3 c6 5. Bg2 Bd6 6. b3 O-O 7. O-O Re8 8. Bb2
Nbd7 9. Qc2 e5 10. dxe5 Nxe5 11. Nbd2 Bg4 12. Rad1 Qc8 13. cxd5 Nxd5 14. Nc4
Nxf3+ 15. Bxf3 Bf8 16. Bxg4 Qxg4 17. f3 Qg5 18. e4 Nf6 19. Bc1 Qh5 20. Nd6 Bxd6
21. Rxd6 Rad8 22. Rxd8 Rxd8 23. Rd1 Rxd1+ 24. Qxd1 h6 25. Qd8+ Kh7 26. Qd3 Qg6
27. Bb2 1/2-1/2

[Event "WECU Championship"]
[Site "Exmouth"]
[Date "2004.04.11"]
[Round "6"]
[White "Bareham, DC."]
[Black "Gosling, Brian"]
[Result "1/2-1/2"]
[WhiteElo "1984"]
[BlackElo "1792"]
[PlyCount "46"]
[EventDate "2004.??.??"]

1. e4 c6 2. Nf3 d5 3. Nc3 dxe4 4. Nxe4 Bf5 5. Ng3 Bg6 6. Bc4 e6 7. O-O Nf6 8.
Re1 Be7 9. d4 O-O 10. Qe2 Nd5 11. c3 Nd7 12. Ne5 Nxe5 13. dxe5 a5 14. Kh1 b5
15. Bb3 a4 16. Bxd5 Qxd5 17. Rd1 Qc4 18. Qf3 Rfd8 19. Be3 Bc2 20. Rd4 Rxd4 21.
cxd4 b4 22. Qe2 Qxe2 23. Nxe2 Rc8 1/2-1/2

[Event "WECU Championship"]
[Site "Exmouth"]
[Date "2004.04.11"]
[Round "6"]
[White "Jamieson, Ian"]
[Black "Barlow, R."]
[Result "1-0"]
[WhiteElo "2064"]
[BlackElo "1760"]
[PlyCount "59"]
[EventDate "2004.??.??"]

1. b3 Nf6 2. Bb2 d6 3. g3 g6 4. Bg2 Bg7 5. e4 O-O 6. Ne2 c5 7. O-O Nc6 8. h3 e5
9. Nbc3 Nd4 10. Nxd4 cxd4 11. Ne2 b6 12. c4 Be6 13. d3 Qd7 14. Kh2 Rab8 15. f4
Ne8 16. Rf2 f5 17. Qc2 Nf6 18. Raf1 fxe4 19. dxe4 Qe7 20. Bc1 Nd7 21. f5 Bf7
22. g4 g5 23. Ng3 h6 24. f6 Nxf6 25. Nf5 Qe6 26. Nxh6+ Kh7 27. Nf5 Nd7 28. Bxg5
Bg6 29. Qc1 Nc5 30. Nxg7 1-0

[Event "WECU Championship"]
[Site "Exmouth"]
[Date "2004.04.11"]
[Round "6"]
[White "Littlejohns, David"]
[Black "Fallowfield, Nicholas"]
[Result "1/2-1/2"]
[WhiteElo "1864"]
[BlackElo "1904"]
[PlyCount "47"]
[EventDate "2004.??.??"]

1. e4 Nf6 2. e5 Nd5 3. d4 d6 4. c4 Nb6 5. exd6 cxd6 6. Be3 g6 7. Nc3 Bg7 8. Nf3
O-O 9. Bd3 Bg4 10. Rc1 Nc6 11. h3 Bxf3 12. Qxf3 Qd7 13. d5 Ne5 14. Qe2 Nxd3+
15. Qxd3 Na4 16. Nxa4 Qxa4 17. Qb1 Qb4+ 18. Ke2 Bxb2 19. Bd2 Qb6 20. Be3 Bd4
21. Qxb6 Bxb6 22. Bxb6 axb6 23. Rc2 Rfc8 24. Rb1 1/2-1/2

[Event "WECU Championship"]
[Site "Exmouth"]
[Date "2004.04.11"]
[Round "6"]
[White "Wynarczyk, Raymond"]
[Black "George, Ian M"]
[Result "1/2-1/2"]
[WhiteElo "1832"]
[BlackElo "1984"]
[PlyCount "75"]
[EventDate "2004.??.??"]

1. e4 c5 2. Nf3 e6 3. d4 cxd4 4. Nxd4 Nf6 5. Nc3 Nc6 6. Ndb5 Bb4 7. a3 Bxc3+ 8.
Nxc3 d5 9. Bg5 d4 10. Ne2 Qa5+ 11. Bd2 Qb6 12. Ng3 Qxb2 13. Bc4 O-O 14. O-O Qb6
15. Bg5 Nd7 16. Bf4 Nde5 17. Rb1 Qd8 18. Bb5 Ng6 19. Bc1 a6 20. Be2 e5 21. Nf5
b5 22. Rb3 Be6 23. Rg3 Bc4 24. Bxc4 bxc4 25. Qh5 Re8 26. Rh3 Nf8 27. Nxg7 Kxg7
28. Qh6+ Kg8 29. Qxc6 Re6 30. Qxc4 Rc8 31. Qe2 Qf6 32. Bg5 Qh8 33. Rg3 Rg6 34.
Bh6 Qf6 35. Bxf8 Kxf8 36. Rxg6 hxg6 37. g3 Rc5 38. Rb1 1/2-1/2

[Event "WECU Championship"]
[Site "Exmouth"]
[Date "2004.04.11"]
[Round "6"]
[White "Rudd, Jack"]
[Black "Sherwin, James"]
[Result "1-0"]
[WhiteElo "2256"]
[BlackElo "2232"]
[PlyCount "99"]
[EventDate "2004.??.??"]

1. e4 c5 2. Nf3 e6 3. d4 cxd4 4. Nxd4 a6 5. Bd3 Bc5 6. Nf3 Nc6 7. O-O Qc7 8. c4
Nf6 9. a3 d6 10. b4 Ba7 11. Bb2 e5 12. Nbd2 Bg4 13. Rc1 O-O 14. h3 Bxf3 15.
Nxf3 Rfe8 16. Bb1 Rad8 17. g3 Nd7 18. Qd2 Nf8 19. Nh4 Ne6 20. Nf5 Ned4 21. Qd1
Nxf5 22. exf5 Qe7 23. Be4 Nd4 24. Qd3 g6 25. fxg6 hxg6 26. Kg2 Ne6 27. Qd2 Rd7
28. Rce1 Bd4 29. Bc1 Rc7 30. Bd5 b5 31. f4 Rxc4 32. Bxc4 bxc4 33. f5 gxf5 34.
Rxf5 Ng7 35. Rff1 f5 36. Kh2 Qf6 37. Qg2 Qe6 38. g4 fxg4 39. hxg4 e4 40. Bf4 d5
41. Rd1 Be5 42. Qd2 d4 43. Bxe5 Qxe5+ 44. Kg2 d3 45. Qe3 c3 46. Rf2 d2 47. Rh1
Qd5 48. Qh6 e3+ 49. Rf3 Nh5 50. Qg6+ 1-0

[Event "WECU Championship"]
[Site "Exmouth"]
[Date "2004.04.11"]
[Round "6"]
[White "Turner, Matthew"]
[Black "Simons, Martin"]
[Result "1-0"]
[WhiteElo "2512"]
[BlackElo "2256"]
[PlyCount "61"]
[EventDate "2004.??.??"]

1. c4 b6 2. d4 e6 3. Nf3 Bb7 4. Nc3 Bb4 5. Bg5 f6 6. Bh4 Ne7 7. e3 Nf5 8. Bg3
Bxc3+ 9. bxc3 d6 10. Bd3 Nxg3 11. hxg3 f5 12. d5 exd5 13. cxd5 Bxd5 14. Bxf5 c6
15. Bxh7 Bf7 16. Qd4 Qf6 17. Qxf6 gxf6 18. O-O-O Nd7 19. Nd4 Ne5 20. f4 Nc4 21.
Be4 O-O-O 22. Nxc6 Rxh1 23. Rxh1 Re8 24. Nxa7+ Kb8 25. Nc6+ Kc7 26. Bf3 Bg6 27.
Nb4 Nxe3 28. g4 Be4 29. Bxe4 Rxe4 30. Re1 Re7 31. Rxe3 1-0

[Event "WECU Championship"]
[Site "Exmouth"]
[Date "2004.04.11"]
[Round "6"]
[White "Hamperl, Fred"]
[Black "Talbot, Andrew R"]
[Result "1/2-1/2"]
[WhiteElo "1960"]
[BlackElo "1936"]
[PlyCount "72"]
[EventDate "2004.??.??"]

1. e4 c5 2. Nc3 Nc6 3. f4 g6 4. Nf3 Bg7 5. Bc4 e6 6. f5 Nge7 7. fxe6 fxe6 8. d3
O-O 9. O-O d5 10. exd5 exd5 11. Bb3 h6 12. Qe1 g5 13. h3 Nd4 14. Nxd4 Rxf1+ 15.
Qxf1 Bxd4+ 16. Kh1 Bxc3 17. bxc3 Nf5 18. Qf3 Be6 19. Be3 Qd6 20. Re1 Rf8 21.
Bxc5 Ng3+ 22. Kg1 Qxc5+ 23. Qe3 Qxe3+ 24. Rxe3 Kf7 25. Rxg3 Ke7 26. c4 dxc4 27.
Bxc4 Bxc4 28. dxc4 Kd6 29. h4 Rf5 30. hxg5 hxg5 31. Rh3 Rf4 32. Rd3+ Kc5 33.
Rd5+ Kxc4 34. Rxg5 Kc3 35. Rc5+ Kb2 36. a4 b6 1/2-1/2

[Event "WECU Championship"]
[Site "Exmouth"]
[Date "2004.04.11"]
[Round "6"]
[White "Horner, Robin M"]
[Black "Dilleigh, Stephen"]
[Result "0-1"]
[WhiteElo "1928"]
[BlackElo "2064"]
[PlyCount "72"]
[EventDate "2004.??.??"]

1. e4 d6 2. d4 Nf6 3. Nc3 g6 4. Bc4 Bg7 5. Qe2 Nc6 6. e5 Ng4 7. e6 Nxd4 8. Qxg4
Nxc2+ 9. Kd1 Nxa1 10. exf7+ Kf8 11. Qf3 c6 12. b3 d5 13. Be2 Bf5 14. Bd3 Qd7
15. Bxf5 Qxf5 16. Qxf5 gxf5 17. Bb2 d4 18. Nce2 d3 19. Bxg7+ Kxg7 20. Nf4 Nc2
21. Nf3 Kxf7 22. Nxd3 Na3 23. Nfe5+ Kg7 24. f4 Rad8 25. Kc1 Rd5 26. h4 Rhd8 27.
Rh3 Nb5 28. Kb2 Nd4 29. h5 Ne6 30. h6+ Kf6 31. Re3 Nc5 32. Nxc5 Rxc5 33. g4
Rd2+ 34. Kb1 fxg4 35. Nxg4+ Kf5 36. Ne5 Kxf4 0-1

[Event "WECU Championship"]
[Site "Exmouth"]
[Date "2004.04.11"]
[Round "6"]
[White "Ponter, Ian"]
[Black "Bass, JW."]
[Result "1-0"]
[WhiteElo "1920"]
[BlackElo "1928"]
[PlyCount "69"]
[EventDate "2004.??.??"]

1. e4 e6 2. d4 d5 3. Nc3 Nf6 4. Bg5 Be7 5. e5 Nfd7 6. h4 a6 7. Bxe7 Qxe7 8. Qg4
O-O 9. f4 f5 10. Qf3 c5 11. Nge2 Nc6 12. O-O-O cxd4 13. Nxd4 Nxd4 14. Rxd4 Nc5
15. g4 fxg4 16. Qxg4 Bd7 17. Bh3 b5 18. b4 Ne4 19. Nxd5 exd5 20. Qxd7 Qxd7 21.
Bxd7 Rad8 22. e6 Ng3 23. Re1 Nf5 24. Rxd5 Ne7 25. Rd4 Rf5 26. Red1 Rdf8 27. a4
Rxf4 28. axb5 axb5 29. Bxb5 Rxd4 30. Rxd4 Nf5 31. Bc4 Ne7 32. Rd7 Re8 33. b5
Kf8 34. b6 Nc6 35. Rf7+ 1-0

[Event "WECU Championship"]
[Site "Exmouth"]
[Date "2004.04.12"]
[Round "7"]
[White "Taylor, Geoffrey P"]
[Black "Littlejohns, David"]
[Result "1-0"]
[WhiteElo "1872"]
[BlackElo "1864"]
[PlyCount "71"]
[EventDate "2004.??.??"]

1. e4 c6 2. d4 d5 3. Nd2 g6 4. e5 e6 5. c3 c5 6. Bd3 Nc6 7. Ndf3 cxd4 8. cxd4
Bb4+ 9. Bd2 Bxd2+ 10. Qxd2 Qa5 11. Ne2 Qxd2+ 12. Kxd2 Nge7 13. Nc3 a6 14. Na4
b5 15. Nc5 O-O 16. h4 h6 17. Rac1 Ra7 18. Nb3 Bd7 19. Nh2 Kg7 20. f4 Nb4 21.
Bb1 Rc8 22. Rxc8 Bxc8 23. Rc1 Bd7 24. Ng4 Nbc6 25. Nf6 Nb8 26. Nc5 Bc6 27. h5
Bd7 28. g4 Ng8 29. Nxg8 Kxg8 30. hxg6 fxg6 31. Bxg6 Kg7 32. Bd3 b4 33. f5 exf5
34. gxf5 Be8 35. Ne6+ Kh8 36. Rc8 1-0